Every Preceding Representative by Picture - Statistics

General Stats
  • This quiz has been taken 141 times
    19 since last reset
  • The average score is 114 of 435
Answer Stats
Picture Hint Answer % Correct
Georgia 14 (R) Marjorie Taylor Greene
83%
Wisconsin 1 (R) Paul Ryan
83%
Arizona 7 (D) Raúl Grijalva
83%
Wisconsin 2 (D) Tammy Baldwin
83%
Illinois 8 (D) Tammy Duckworth
83%
Ohio 13 (D) Tim Ryan
83%
Illinois 7 (D) Cardiss Collins
75%
Georgia 9 (R) Doug Collins
75%
Texas 29 (D) Gene Green
75%
Arizona 4 (D) Kyrsten Sinema
75%
Wyoming At-Large (R) Liz Cheney
75%
Tennessee 7 (R) Mark Green
75%
Alaska At-Large (D) Mary Peltola
75%
Florida 1 (R) Matt Gaetz
75%
Arizona 3 (D) Ruben Gallego
75%
Arkansas 4 (R) Tom Cotton
75%
Virginia 7 (D) Abigail Spanberger
67%
California 30 (D) Adam Schiff
67%
New Jersey 3 (D) Andy Kim
67%
New Hampshire 1 (D) Carol Shea-Porter
67%
Texas 32 (D) Collin Allred
67%
California 1 (R) Doug LaMalfa
67%
Massachusetts 5 (D) Edward Markey
67%
New York 3 (R) George Santos
67%
Nevada 3 (D) Jacky Rosen
67%
New York 16 (D) Jamaal Bowman
67%
Georgia 8 (D) Jim Marshall
67%
Massachusetts 4 (D) Joe Kennedy III
67%
Arkansas 3 (R) John Boozman
67%
Utah 3 (R) John Curtis
67%
California 37 (D) Karen Bass
67%
Missouri 5 (D) Karen McCarthy
67%
California 47 (D) Katie Porter
67%
California 20 (R) Kevin McCarthy
67%
South Dakota At-Large (R) Kristi Noem
67%
Colorado 3 (R) Lauren Boebert
67%
Delaware At-Large (D) Lisa Blunt Rochester
67%
North Carolina 11 (R) Madison Cawthorn
67%
Oklahoma 2 (R) Markwayne Mullin
67%
New York 11 (D) Max Rose
67%
Florida 6 (R) Michael Waltz
67%
New Jersey 11 (D) Mikie Sherrill
67%
California 3 (N/A) None
67%
California 41 (N/A) None
67%
Florida 4 (N/A) None
67%
Florida 15 (N/A) None
67%
Florida 26 (N/A) None
67%
Georgia 13 (N/A) None
67%
Michigan 10 (N/A) None
67%
Montana 1 (N/A) None
67%
Oregon 6 (N/A) None
67%
Texas 31 (N/A) None
67%
Texas 33 (N/A) None
67%
Texas 38 (N/A) None
67%
Vermont (D) Peter Welch
67%
Kansas 1 (R) Roger Marshall
67%
Florida 10 (D) Val Demings
67%
California 34 (D) Xavier Becerra
67%
Maryland 4 (D) Anthony Brown
58%
California 12 (D) Barbara Lee
58%
Alabama 2 (R) Barry Moore
58%
Texas 16 (D) Beto O'Rourke
58%
Florida 13 (D) Charlie Crist
58%
Missouri 1 (D) Cori Bush
58%
Minnesota 3 (D) Dean Phillips
58%
New Mexico 1 (D) Deb Haaland
58%
Michigan 7 (D) Elissa Slotkin
58%
Virginia 11 (D) Gerry Connolly
58%
New York 10 (D) Jerrold Nadler
58%
Oregon 5 (R) Lori Chavez-DeRemer
58%
Idaho 2 (R) Mike Crapo
58%
Illinois 5 (D) Rahm Emmanuel
58%
Wisconsin 7 (R) Sean Duffy
58%
Ohio 6 (R) Bill Johnson
50%
Maryland 8 (D) Chris Van Hollen
50%
California 49 (R) Darrell Issa
50%
Texas 30 (D) Eddie Bernice Johnson
50%
California 40 (D) Gil Cisneros
50%
Indiana 6 (R) Greg Pence
50%
Colorado 2 (D) Jared Polis
50%
North Carolina 14 (D) Jeff Jackson
50%
Illinois 2 (D) Jesse Jackson Jr.
50%
Ohio 8 (R) John Boehner
50%
Texas 21 (R) Lamar Smith
50%
New York 1 (R) Lee Zeldin
50%
California 46 (D) Loretta Sanchez
50%
Georgia 6 (D) Lucy McBath
50%
Ohio 11 (D) Marcia Fudge
50%
North Carolina 10 (R) Patrick McHenry
50%
Texas 14 (R) Ron Paul
50%
Florida 22 (R) Allen West
42%
New Mexico 3 (D) Ben Ray Luján
42%
Missouri 7 (R) Billy Long
42%
Louisiana 1 (R) Bobby Jindal
42%
Washington 5 (R) Cathy McMorris Rodgers
42%
Louisiana 2 (D) Cedric Richmond
42%
Texas 20 (D) Charlie Gonzalez
42%
Pennsylvania 14 (D) Conor Lamb
42%
Pennsylvania 17 (D) Conor Lamb
42%
California 31 (D) Grace Napolitano
42%
Minnesota 2 (R) Jason Lewis
42%
California 39 (R) Jerry Lewis
42%
Indiana 3 (R) Jim Banks
42%
Texas 4 (R) John Ratcliffe
42%
Texas 10 (D) Lloyd Doggett
42%
Texas 25 (D) Lloyd Doggett
42%
Texas 35 (D) Lloyd Doggett
42%
Minnesota 6 (R) Michelle Bachmann
42%
California 45 (R) Michelle Steel
42%
California 27 (R) Mike Garcia
42%
Ohio 3 (R) Mike Turner
42%
Michigan 3 (R) Peter Meijer
42%
Kentucky 2 (R) Ron Lewis
42%
Pennsylvania 4 (R) Scott Perry
42%
New York 17 (D) Sean Patrick Maloney
42%
Pennsylvania 7 (D) Susan Wild
42%
Texas 18 (D) Sylvester Turner
42%
Texas 15 (D) Vicente Gonzalez
42%
Florida 9 (D) Alan Grayson
33%
Florida 11 (D) Alan Grayson
33%
Florida 20 (D) Alcee Hastings
33%
California 16 (D) Anna Eshoo
33%
New Hampshire 2 (R) Annie Kuster
33%
New York 18 (D) Antonio Delgado
33%
Virginia 5 (R) Bob Good
33%
California 7 (D) Bob Matsui
33%
New York 13 (D) Charles Rangel
33%
Illinois 17 (D) Cheri Bustos
33%
Iowa 3 (D) Cindy Axne
33%
Minnesota 7 (D) Collin Peterson
33%
Washington 10 (D) Danny Heck
33%
Maryland 6 (D) David Trone
33%
Nevada 2 (R) Dean Heller
33%
Florida 28 (D) Debbie Mucarsel-Powell
33%
Tennessee 6 (R) Diane Black
33%
Washington 4 (R) Doc Hastings
33%
Virginia 2 (D) Elaine Luria
33%
Washington 3 (R) Jamie Herrera Beutler
33%
New York 14 (D) Joe Crowley
33%
South Carolina 1 (D) Joe Cunningham
33%
Michigan 6 (D) John Dingell
33%
Pennsylvania 15 (R) John E. Peterson
33%
Minnesota 5 (D) Keith Ellison
33%
North Dakota At-Large (R) Kelly Armstrong
33%
Oklahoma 5 (D) Kendra Horn
33%
Illinois 3 (D) Marie Newman
33%
Pennsylvania 8 (D) Matt Cartwright
33%
Montana 2 (R) Matt Rosendale
33%
Mississippi 2 (D) Mike Espy
33%
Alabama 5 (R) Mo Brooks
33%
Florida 21 (D) Patrick Murphy
33%
Colorado 1 (D) Pat Schroeder
33%
New York 2 (R) Peter King
33%
Florida 7 (D) Stephanie Murphy
33%
California 38 (D) Steve Horn
33%
Iowa 4 (R) Steve King
33%
Indiana 5 (R) Susan Brooks
33%
New Jersey 7 (D) Tom Malinowski
33%
North Carolina 13 (D) Wiley Nickel
33%
Texas 23 (R) Will Hurd
33%
New Mexico 2 (R) Yvette Herrell
33%
Arizona 6 (D) Ann Kirkpatrick
25%
Arizona 9 (D) Ann Kirkpatrick
25%
New York 4 (R) Anthony D'Esposito
25%
Alabama 7 (D) Artur Davis
25%
Illinois 1 (D) Bobby Rush
25%
Michigan 12 (D) Brenda Jones
25%
Maine 2 (R) Bruce Poliquin
25%
Hawaii 1 (D) Colleen Hanabusa
25%
Georgia 4 (D) Cynthia McKinney
25%
North Carolina 8 (R) Dan Bishop
25%
Michigan 8 (D) Dan Kildee
25%
Rhode Island 1 (D) David Cicilline
25%
Arizona 8 (R) Debbie Lesko
25%
Washington 6 (D) Derek Kilmer
25%
New Jersey 10 (D) Donald M. Payne Jr.
25%
Florida 27 (D) Donna Shalala
25%
Oregon 3 (D) Earl Blumenauer
25%
Colorado 7 (D) Ed Perlmutter
25%
Maryland 7 (D) Elijah Cummings
25%
Louisiana 6 (R) Garrett Graves
25%
Kentucky 4 (R) Geoff Davis
25%
Colorado 4 (R) Greg Lopez
25%
Florida 2 (D) Gwen Graham
25%
California 15 (D) Jackie Speier
25%
California 44 (D) Janice Hahn
25%
Washington 1 (D) Jay Inslee
25%
Alabama 1 (R) Jerry Carl
25%
Florida 14 (D) Jim Davis
25%
Virginia 1 (R) Jo Ann Davis
25%
Louisiana 4 (R) John Fleming
25%
Hawaii 2 (D) Kai Kahele
25%
Texas 12 (R) Kay Granger
25%
Tennessee 4 (D) Lincoln Davis
25%
Pennsylvania 9 (R) Lou Barletta
25%
Texas 1 (R) Louie Gohmert
25%
New York 19 (R) Marc Molinaro
25%
Pennsylvania 12 (D) Mike Doyle
25%
Pennsylvania 1 (R) Mike Fitzpatrick
25%
Wisconsin 8 (R) Mike Gallagher
25%
Kansas 4 (R) Mike Pompeo
25%
Massachusetts 3 (D) Niki Tsongas
25%
Idaho 1 (R) Raúl Labrador
25%
Minnesota 8 (D) Rick Nolan
25%
Utah 1 (R) Rob Bishop
25%
Illinois 13 (R) Rodney Davis
25%
Ohio 1 (R) Steve Chabot
25%
California 51 (D) Susan Davis
25%
Kentucky 5 (R) Tim Carter
25%
California 22 (D) TJ Cox
25%
Arizona 2 (D) Tom O'Halleran
25%
South Carolina 4 (R) Trey Gowdy
25%
Missouri 4 (R) Vicky Hartzler
25%
North Carolina 3 (R) Walter B. Jones Jr.
25%
Colorado 8 (D) Yadira Caraveo
25%
Illinois 16 (R) Aaron Schock
17%
Iowa 2 (D) Abby Finkenauer
17%
West Virginia 2 (R) Alex Mooney
17%
New York 24 (D) Anthony Brindisi
17%
Utah 4 (D) Ben McAdams
17%
New Jersey 9 (D) Bill Pascrell
17%
Florida 8 (R) Bill Posey
17%
Nebraska 2 (D) Brad Ashford
17%
New York 22 (R) Brandon Williams
17%
Pennsylvania 3 (D) Chaka Fattah
17%
Utah 2 (R) Chris Stewart
17%
Iowa 1 (D) Dave Loebsack
17%
Oregon 1 (D) David Wu
17%
Virginia 4 (D) Donald McEachin
17%
Colorado 5 (R) Doug Lamborn
17%
Georgia 3 (R) Drew Ferguson
17%
California 48 (R) Duncan D. Hunter
17%
Maryland 2 (D) Dutch Ruppersberger
17%
Connecticut 5 (D) Elizabeth Esty
17%
California 33 (R) Gary Miller
17%
California 10 (D) George Miller
17%
North Carolina 1 (D) G.K. Butterfield
17%
California 35 (D) Gloria Negrete McLeod
17%
Tennessee 9 (D) Harold Ford Jr.
17%
Arizona 1 (D) Harry Mitchell
17%
California 28 (D) Hilda Solis
17%
Indiana 2 (R) Jackie Walorski
17%
Virginia 8 (D) James Moran
17%
Oklahoma 4 (R) J.C. Watts
17%
Tennessee 5 (D) Jim Cooper
17%
California 13 (R) John Duarte
17%
Maryland 3 (D) John Sarbanes
17%
New York 15 (D) José Serrano
17%
Indiana 7 (D) Julia Carson
17%
Georgia 7 (R) Karen Handel
17%
North Carolina 6 (D) Kathy Manning
17%
Florida 24 (D) Kendrick Meek
17%
New York 25 (D) Louise Slaughter
17%
Arizona 5 (R) Matt Salmon
17%
South Carolina 5 (R) Mick Mulvaney
17%
California 17 (D) Mike Honda
17%
Michigan 9 (R) Paul Mitchell
17%
Michigan 4 (R) Pete Hoekstra
17%
Oregon 4 (D) Peter DeFazio
17%
Florida 25 (D) Peter Deutch
17%
North Carolina 5 (R) Richard Burr
17%
Wisconsin 3 (D) Ron Kind
17%
Texas 6 (R) Ron Wright
17%
Nevada 4 (D) Ruben Kihuen
17%
Nevada 1 (D) Shelley Berkley
17%
Mississippi (R) Steven Palazzo
17%
Florida 23 (D) Ted Deutch
17%
Florida 3 (R) Ted Yoho
17%
Arkansas 2 (R) Tim Griffin
17%
Maine 1 (D) Tom Allen
17%
California 29 (D) Tony Cárdenas
17%
Indiana 9 (R) Trey Hollingsworth
17%
Texas 3 (R) Van Taylor
17%
California 42 (D) Alan Lowenthal
8%
Mississippi 1 (R) Alan Nunnelee
8%
New Jersey 8 (D) Albio Sires
8%
Pennsylvania 2 (D) Allyson Schwartz
8%
Massachusetts 9 (D) Bill Delahunt
8%
New York 21 (D) Bill Owens
8%
Pennsylvania 13 (R) Bill Shuster
8%
Missouri 3 (R) Blaine Luetkemeyer
8%
Texas 27 (R) Blake Farenthold
8%
Illinois 10 (R) Bob Dold
8%
Ohio 7 (R) Bob Gibbs
8%
Virginia 6 (R) Bob Goodlatte
8%
Alabama 3 (R) Bob Riley
8%
Ohio 2 (R) Brad Wenstrup
8%
Michigan 14 (D) Brenda Lawrence
8%
New York 26 (D) Brian Higgins
8%
Louisiana 3 (R) Charles Boustany
8%
Connecticut 4 (R) Chris Shays
8%
Texas 28 (D) Ciro Rodriguez
8%
Washington 8 (R) Dave Reichert
8%
North Carolina 4 (D) David Price
8%
West Virginia 1 (R) Evan Jenkins
8%
South Carolina 2 (R) Floyd Spence
8%
Florida 19 (R) Francis Rooney
8%
New Jersey 2 (R) Frank LoBiondo
8%
New Jersey 4 (D) Frank Thompson
8%
North Carolina 2 (R) George Holding
8%
Oregon 2 (R) Greg Walden
8%
California 36 (D) Henry Waxman
8%
Kansas 2 (R) Jake LaTurner
8%
Rhode Island 2 (D) James Langevin
8%
California 9 (R) Jeff Denham
8%
South Carolina 3 (R) Jeff Duncan
8%
Nebraska 1 (R) Jeff Fortenberry
8%
Virginia 10 (D) Jennifer Wexton
8%
Oklahoma 1 (R) Jim Bridenstine
8%
Minnesota 1 (R) Jim Hagedorn
8%
Washington 7 (D) Jim McDermott
8%
Texas 37 (D) J.J. Pickle
8%
Georgia 10 (R) Jody Hice
8%
Pennsylvania 11 (R) Joe Pitts
8%
New York 23 (R) Joe Sempolinski
8%
Georgia 12 (D) John Barrow
8%
Texas 7 (R) John Culberson
8%
Tennessee 2 (R) John Duncan
8%
Illinois 15 (R) John Shimkus
8%
Kentucky 3 (D) John Yarmuth
8%
Illinois 11 (R) Judy Biggert
8%
Florida 16 (R) Katherine Harris
8%
Pennsylvania 16 (D) Kathy Dahlkemper
8%
Texas 24 (R) Kenny Marchant
8%
Texas 8 (R) Kevin Brady
8%
Kansas 3 (R) Kevin Yoder
8%
Georgia 5 (D) Kwanza Hall
8%
Indiana 8 (R) Larry Bucshon
8%
California 24 (D) Lois Capps
8%
Illinois 4 (D) Luis Gutiérrez
8%
California 2 (D) Lynn Woolsey
8%
New York 9 Major Owens
8%
California 25 (R) Mary Bono
8%
North Carolina 12 (D) Mel Watt
8%
Texas 26 (R) Michael Burgess
8%
Massachusetts 7 (D) Mike Capuano
8%
Colorado 6 (R) Mike Coffman
8%
Pennsylvania 5 (R) Pat Meehan
8%
California 23 (R) Paul Cook
8%
Illinois 6 (R) Peter Roskam
8%
California 14 (D) Pete Stark
8%
Indiana 1 (D) Pete Visclosky
8%
Tennessee 1 (R) Phil Roe
8%
Louisiana 5 (R) Ralph Abraham
8%
Illinois 14 (R) Randy Hultgren
8%
New Jersey 1 (D) Rob Andrews
8%
Florida 18 (R) Ross Spano
8%
Texas 34 (D) Rubén Hinojosa
8%
New Jersey 5 (R) Scott Garrett
8%
Alabama 6 (R) Spencer Bachus
8%
Ohio 15 (R) Steve Stivers
8%
Texas 2 (R) Ted Poe
8%
Missouri 2 (R) Todd Akin
8%
Pennsylvania 10 (R) Todd Platts
8%
Indiana 4 (D) Todd Rokita
8%
Alabama 4 (D) Tom Bevill
8%
Nebraska 3 (R) Tom Osborne
8%
South Carolina 7 (R) Tom Rice
8%
Florida 17 (R) Tom Rooney
8%
Ohio 10 (R) Tony P. Hall
8%
Tennessee 3 (R) Zach Wamp
8%
Florida 5 (R) Ander Crenshaw
0%
California 32 (D) Anthony Beilenson
0%
California 43 (D) Augustus Freeman
0%
Connecticut 1 (D) Barbara Kennelly
0%
Kentucky 6 (D) Ben Chandler
0%
Texas 17 (R) Bill Flores
0%
California 52 (D) Bob Filner
0%
California 50 (R) Brian Bilbray
0%
Connecticut 3 (D) Bruce Morrison
0%
Minnesota 4 (D) Bruce Vento
0%
California 21 (D) Cal Dooley
0%
Georgia 2 (D) Charles Hatcher
0%
Texas 9 (D) Chris Bell
0%
Michigan 1 (R) Dan Benishek
0%
California 6 (R) Dan Lungren
0%
Michigan 2 (R) Dave Camp
0%
Michigan 11 (R) Dave Trott
0%
California 26 (R) David Dreier
0%
California 18 (D) Don Edwards
0%
New York 8 (D) Edolphus Towns
0%
Massachusetts 1 (D) Edward Boland
0%
Ohio 9 (R) Ed Weber
0%
Kentucky 1 (R) Ed Whitfield
0%
California 8 (D) Ellen Tauscher
0%
New York 5 (D) Floyd Flake
0%
Maryland 1 (D) Frank Kratovil
0%
California 4 (R) Frank Riggs
0%
New York 6 (D) Gary Ackerman
0%
Maryland 5 (D) Gladys Spellman
0%
Oklahoma 3 (D) Glenn English
0%
Mississippi 3 (R) Gregg Harper
0%
Georgia 1 (R) Jack Kingston
0%
Washington 2 (R) Jack Metcalf
0%
New Jersey 6 (D) James J. Howard
0%
Texas 5 (R) Jeb Hensarling
0%
Wisconsin 4 (D) Jerry Kleczka
0%
Wisconsin 5 (R) Jim Sensenbrenner
0%
Missouri 8 (R) Jo Ann Emerson
0%
Massachusetts 8 (D) Joe Moakley
0%
California 5 (R) John Dolittle
0%
Massachusetts 6 (D) John Tierney
0%
North Carolina 9 (D) Larry Kissell
0%
Texas 13 (R) Mac Thornberry
0%
Arkansas 1 (D) Marion Berry
0%
North Carolina 7 (D) Mark McIntyre
0%
Michigan 5 (D) Mark Schauer
0%
New York 20 (D) Michael McNulty
0%
Florida 12 (R) Mike Bilirakis
0%
Texas 11 (R) Mike Conaway
0%
Ohio 4 (R) Mike Oxley
0%
Missouri 6 (D) Pat Danner
0%
Ohio 12 (R) Pat Tiberi
0%
Ohio 5 (R) Paul Gillmor
0%
Texas 22 (R) Pete Olson
0%
Massachusetts 2 (R) Peter Blute
0%
Georgia 11 (R) Phil Gingrey
0%
Texas 19 (R) Randy Neugebauer
0%
Washington 9 (R) Randy Tate
0%
Virginia 9 (D) Rick Boucher
0%
South Carolina 6 (D) Robin Tallon
0%
Connecticut 2 (R) Rob Simmons
0%
New Jersey 12 (D) Rush Holt Jr.
0%
Pennsylvania 6 (R) Ryan Costello
0%
California 11 (D) Sala Burton
0%
California 19 (D) Sam Farr
0%
Illinois 9 (D) Sidney Yates
0%
Tennessee 8 (R) Stephen Fincher
0%
New York 7 (D) Stephen Solarz
0%
Ohio 14 (R) Steve LaTourette
0%
Texas 36 (R) Steve Stockman
0%
New York 12 (D) Theodore Weiss
0%
Virginia 3 (R) Thomas Bliley Jr.
0%
Wisconsin 6 (R) Tom Petri
0%
Illinois 12 (D) William Enyart
0%
No matching quizzes found
Score Distribution
Percent of People with Each Score
Percentile by Number Answered
Your Score History
You have not taken this quiz since the last reset